| 000 | 00434nam a2200169Ia 4500 | ||
|---|---|---|---|
| 020 | _a0471509019(hb) | ||
| 082 |
_a515.33 _bLAL _cL-1, 16,p: |
||
| 100 |
_aMohammad lal _939282 |
||
| 245 | _aCalculus with analytic geometry | ||
| 250 | _a4th ed. | ||
| 260 |
_aNew York: _bJohn Wiley and Sons _c1992 |
||
| 300 | _a1246p | ||
| 526 |
_a0 _b0 _c0 _d515_330000000000000_LAL |
||
| 650 | _aCalculus | ||
| 650 |
_aMCE _9379 |
||
| 942 |
_2ddc _cBK |
||
| 999 |
_c543789 _d543789 |
||